Est-ce que le drapeau possède du bleu ? - Statistiques

Statistiques générales
  • Ce quiz a été pris 372 fois
    122 depuis la dernière actualisation
  • Le résultat moyen est 8 sur 17
Answers on the Grid
Answers color-coded by a green-red scale on the quiz's grid according to % correct below.
France
Papouasie Nouvelle Guinee
Algérie
Andorre
Cambodge
Cap-Vert
Congo
Dominique
Estonie
Espagne
Kenya
Koweït
Bahrein
Rwanda
Suriname
Tadjikistan
Venezuela
Nicaragua
Niger
Grenade
Comores
Bangladesh
Micronésie
Mozambique
Norvège
Uruguay
Émirats Arabes Unis
Argentine
Mongolie
Croatie
Kazakhstan
Malte
 
Statistiques - réponses
Réponse % Correct
France
71%
Argentine
64%
Croatie
64%
Norvège
58%
Uruguay
57%
Cap-Vert
56%
Estonie
53%
Kazakhstan
53%
Nicaragua
50%
Venezuela
49%
Cambodge
47%
Andorre
40%
Micronésie
40%
Rwanda
38%
Mongolie
33%
Comores
19%
Espagne
3%
Aucun quiz correspondant
Distribution des résultats
% des personnes avec chaque résultat
Percentile par nombre de réponses
Votre historique - résultats
Vous n’avez pas pris ce quiz depuis la dernière actualisation